<?xml version="1.0" encoding="UTF-8"?>
<collection xmlns="http://www.loc.gov/MARC21/slim">
 <record>
  <leader>02595nam a22003257a 4500</leader>
  <controlfield tag="001">NCT_4_024007</controlfield>
  <controlfield tag="008">250701b        xxu||||| |||| 00| 0 vie d</controlfield>
  <datafield tag="999" ind1=" " ind2=" ">
   <subfield code="c">9182</subfield>
   <subfield code="d">9182</subfield>
  </datafield>
  <datafield tag="020" ind1=" " ind2=" ">
   <subfield code="a">9786044829388</subfield>
   <subfield code="c">178000</subfield>
  </datafield>
  <datafield tag="082" ind1="0" ind2="4">
   <subfield code="2">23rd ed.</subfield>
   <subfield code="a">428.2</subfield>
   <subfield code="b">M281</subfield>
  </datafield>
  <datafield tag="100" ind1="1" ind2=" ">
   <subfield code="a">Mann, Malcolm</subfield>
  </datafield>
  <datafield tag="245" ind1="1" ind2="0">
   <subfield code="a">Destination B2 :</subfield>
   <subfield code="b">Grammar &amp; vocabulary with answer key</subfield>
   <subfield code="c">Malcolm Mann, Steve Taylore-Knowles ; Nguyễn Thanh Vân (Dịch)</subfield>
  </datafield>
  <datafield tag="260" ind1=" " ind2=" ">
   <subfield code="a">H.</subfield>
   <subfield code="b">Hồng Đức</subfield>
   <subfield code="c">2025</subfield>
  </datafield>
  <datafield tag="300" ind1=" " ind2=" ">
   <subfield code="a">263 tr.</subfield>
   <subfield code="c">29 cm</subfield>
  </datafield>
  <datafield tag="520" ind1="3" ind2=" ">
   <subfield code="a">Tài liệu học tiếng Anh trình độ trung cấp - cao cấp. Sách cung cấp hệ thống ngữ pháp, từ vựng theo chủ đề kèm bài tập và đáp án, giúp người học ôn luyện hiệu quả cho kỳ thi B2</subfield>
  </datafield>
  <datafield tag="653" ind1=" " ind2=" ">
   <subfield code="a">Ngôn ngữ Anh</subfield>
  </datafield>
  <datafield tag="700" ind1="1" ind2=" ">
   <subfield code="a">Taylore-Knowles, Steve</subfield>
  </datafield>
  <datafield tag="700" ind1="1" ind2=" ">
   <subfield code="a">Nguyễn Thanh Vân </subfield>
   <subfield code="e">Dịch</subfield>
  </datafield>
  <datafield tag="942" ind1=" " ind2=" ">
   <subfield code="2">ddc</subfield>
   <subfield code="c">BK</subfield>
  </datafield>
  <datafield tag="952" ind1=" " ind2=" ">
   <subfield code="0">0</subfield>
   <subfield code="1">0</subfield>
   <subfield code="2">ddc</subfield>
   <subfield code="4">0</subfield>
   <subfield code="6">428_200000000000000_M281</subfield>
   <subfield code="7">0</subfield>
   <subfield code="9">31062</subfield>
   <subfield code="a">000001</subfield>
   <subfield code="b">000001</subfield>
   <subfield code="d">2025-07-01</subfield>
   <subfield code="o">428.2 M281</subfield>
   <subfield code="p">MD.24087</subfield>
   <subfield code="r">2025-07-01</subfield>
   <subfield code="v">178000.00</subfield>
   <subfield code="w">2025-07-01</subfield>
   <subfield code="y">BK</subfield>
  </datafield>
  <datafield tag="952" ind1=" " ind2=" ">
   <subfield code="0">0</subfield>
   <subfield code="1">0</subfield>
   <subfield code="2">ddc</subfield>
   <subfield code="4">0</subfield>
   <subfield code="6">428_200000000000000_M281</subfield>
   <subfield code="7">0</subfield>
   <subfield code="9">31063</subfield>
   <subfield code="a">000001</subfield>
   <subfield code="b">000001</subfield>
   <subfield code="d">2025-07-01</subfield>
   <subfield code="l">2</subfield>
   <subfield code="m">2</subfield>
   <subfield code="o">428.2 M281</subfield>
   <subfield code="p">MD.24088</subfield>
   <subfield code="r">2025-09-20</subfield>
   <subfield code="s">2025-08-29</subfield>
   <subfield code="v">178000.00</subfield>
   <subfield code="w">2025-07-01</subfield>
   <subfield code="y">BK</subfield>
  </datafield>
  <datafield tag="952" ind1=" " ind2=" ">
   <subfield code="0">0</subfield>
   <subfield code="1">0</subfield>
   <subfield code="2">ddc</subfield>
   <subfield code="4">0</subfield>
   <subfield code="6">428_200000000000000_M281</subfield>
   <subfield code="7">0</subfield>
   <subfield code="9">31064</subfield>
   <subfield code="a">000001</subfield>
   <subfield code="b">000001</subfield>
   <subfield code="d">2025-07-01</subfield>
   <subfield code="o">428.2 M281</subfield>
   <subfield code="p">MD.24089</subfield>
   <subfield code="r">2025-07-01</subfield>
   <subfield code="v">178000.00</subfield>
   <subfield code="w">2025-07-01</subfield>
   <subfield code="y">BK</subfield>
  </datafield>
  <datafield tag="952" ind1=" " ind2=" ">
   <subfield code="0">0</subfield>
   <subfield code="1">0</subfield>
   <subfield code="2">ddc</subfield>
   <subfield code="4">0</subfield>
   <subfield code="6">428_200000000000000_M281</subfield>
   <subfield code="7">0</subfield>
   <subfield code="9">31065</subfield>
   <subfield code="a">000001</subfield>
   <subfield code="b">000001</subfield>
   <subfield code="d">2025-07-01</subfield>
   <subfield code="o">428.2 M281</subfield>
   <subfield code="p">MD.24090</subfield>
   <subfield code="r">2025-07-01</subfield>
   <subfield code="v">178000.00</subfield>
   <subfield code="w">2025-07-01</subfield>
   <subfield code="y">BK</subfield>
  </datafield>
  <datafield tag="952" ind1=" " ind2=" ">
   <subfield code="0">0</subfield>
   <subfield code="1">0</subfield>
   <subfield code="2">ddc</subfield>
   <subfield code="4">0</subfield>
   <subfield code="6">428_200000000000000_M281</subfield>
   <subfield code="7">0</subfield>
   <subfield code="9">31066</subfield>
   <subfield code="a">000001</subfield>
   <subfield code="b">000001</subfield>
   <subfield code="d">2025-07-01</subfield>
   <subfield code="l">1</subfield>
   <subfield code="o">428.2 M281</subfield>
   <subfield code="p">MD.24091</subfield>
   <subfield code="r">2025-09-08</subfield>
   <subfield code="s">2025-08-22</subfield>
   <subfield code="v">178000.00</subfield>
   <subfield code="w">2025-07-01</subfield>
   <subfield code="y">BK</subfield>
  </datafield>
  <datafield tag="952" ind1=" " ind2=" ">
   <subfield code="0">0</subfield>
   <subfield code="1">0</subfield>
   <subfield code="2">ddc</subfield>
   <subfield code="4">0</subfield>
   <subfield code="6">428_200000000000000_M281</subfield>
   <subfield code="7">0</subfield>
   <subfield code="9">31067</subfield>
   <subfield code="a">000001</subfield>
   <subfield code="b">000001</subfield>
   <subfield code="d">2025-07-01</subfield>
   <subfield code="o">428.2 M281</subfield>
   <subfield code="p">MD.24092</subfield>
   <subfield code="r">2025-07-01</subfield>
   <subfield code="v">178000.00</subfield>
   <subfield code="w">2025-07-01</subfield>
   <subfield code="y">BK</subfield>
  </datafield>
  <datafield tag="952" ind1=" " ind2=" ">
   <subfield code="0">0</subfield>
   <subfield code="1">0</subfield>
   <subfield code="2">ddc</subfield>
   <subfield code="4">0</subfield>
   <subfield code="6">428_200000000000000_M281</subfield>
   <subfield code="7">0</subfield>
   <subfield code="9">31068</subfield>
   <subfield code="a">000001</subfield>
   <subfield code="b">000001</subfield>
   <subfield code="d">2025-07-01</subfield>
   <subfield code="l">1</subfield>
   <subfield code="m">1</subfield>
   <subfield code="o">428.2 M281</subfield>
   <subfield code="p">MD.24093</subfield>
   <subfield code="r">2025-09-30</subfield>
   <subfield code="s">2025-09-04</subfield>
   <subfield code="v">178000.00</subfield>
   <subfield code="w">2025-07-01</subfield>
   <subfield code="y">BK</subfield>
  </datafield>
  <datafield tag="952" ind1=" " ind2=" ">
   <subfield code="0">0</subfield>
   <subfield code="1">0</subfield>
   <subfield code="2">ddc</subfield>
   <subfield code="4">0</subfield>
   <subfield code="6">428_200000000000000_M281</subfield>
   <subfield code="7">0</subfield>
   <subfield code="9">31069</subfield>
   <subfield code="a">000001</subfield>
   <subfield code="b">000001</subfield>
   <subfield code="d">2025-07-01</subfield>
   <subfield code="l">2</subfield>
   <subfield code="m">2</subfield>
   <subfield code="o">428.2 M281</subfield>
   <subfield code="p">MD.24094</subfield>
   <subfield code="r">2025-10-27</subfield>
   <subfield code="s">2025-10-06</subfield>
   <subfield code="v">178000.00</subfield>
   <subfield code="w">2025-07-01</subfield>
   <subfield code="y">BK</subfield>
  </datafield>
  <datafield tag="952" ind1=" " ind2=" ">
   <subfield code="0">0</subfield>
   <subfield code="1">0</subfield>
   <subfield code="2">ddc</subfield>
   <subfield code="4">0</subfield>
   <subfield code="6">428_200000000000000_M281</subfield>
   <subfield code="7">0</subfield>
   <subfield code="9">31070</subfield>
   <subfield code="a">000001</subfield>
   <subfield code="b">000001</subfield>
   <subfield code="d">2025-07-01</subfield>
   <subfield code="o">428.2 M281</subfield>
   <subfield code="p">MD.24095</subfield>
   <subfield code="r">2025-07-01</subfield>
   <subfield code="v">178000.00</subfield>
   <subfield code="w">2025-07-01</subfield>
   <subfield code="y">BK</subfield>
  </datafield>
  <datafield tag="952" ind1=" " ind2=" ">
   <subfield code="0">0</subfield>
   <subfield code="1">0</subfield>
   <subfield code="2">ddc</subfield>
   <subfield code="4">0</subfield>
   <subfield code="6">428_200000000000000_M281</subfield>
   <subfield code="7">0</subfield>
   <subfield code="9">31071</subfield>
   <subfield code="a">000001</subfield>
   <subfield code="b">000001</subfield>
   <subfield code="d">2025-07-01</subfield>
   <subfield code="l">1</subfield>
   <subfield code="m">1</subfield>
   <subfield code="o">428.2 M281</subfield>
   <subfield code="p">MD.24096</subfield>
   <subfield code="r">2025-09-30</subfield>
   <subfield code="s">2025-09-17</subfield>
   <subfield code="v">178000.00</subfield>
   <subfield code="w">2025-07-01</subfield>
   <subfield code="y">BK</subfield>
  </datafield>
  <datafield tag="980" ind1=" " ind2=" ">
   <subfield code="a">Thư viện Trường Đại học Nam Cần Thơ</subfield>
  </datafield>
 </record>
</collection>
